|
|
|
|
| LEADER |
00000nab a2200000 a 4500 |
| 001 |
vtls000632746 |
| 003 |
SK-MaSNL |
| 005 |
20260305022425.0 |
| 008 |
250425c1997 xo 0 slo |
| 015 |
|
|
|a SNBRB19rr/mm-uuuuu
|
| 035 |
|
|
|a CL0632885
|
| 035 |
|
|
|a urn:nbn:sk:snk-abbr23
|
| 035 |
|
|
|a (urnnbn)urn:nbn:sk:snk:ar-006e0m
|
| 035 |
|
|
|a (uuid)118b8c5b-2d92-4b5c-98dc-e30b9fd80560
|
| 040 |
|
|
|a SNKBUCL
|b slo
|c SNKBUCL
|e AACR2
|
| 041 |
0 |
|
|a slo
|
| 044 |
|
|
|a xo
|c SK
|
| 080 |
|
|
|a 504.06:711.4:061.3
|2 1981
|
| 080 |
|
|
|a 711.4
|2 1981
|
| 100 |
1 |
|
|a Petríková, Dagmar,
|d 1949-
|4 aut
|9 17018
|
| 245 |
1 |
0 |
|a Trvalo udržateľné mestá a obce
|c Dagmar Petríková
|
| 650 |
0 |
7 |
|a mestá
|2 snkbucl
|9 2929
|
| 650 |
0 |
7 |
|a obce
|2 snkbucl
|9 2935
|
| 650 |
0 |
7 |
|a trvalo udržateľný rozvoj
|2 snkbucl
|9 3353
|
| 655 |
|
7 |
|a články z novín a časopisov
|2 snkbucl
|9 267496
|
| 773 |
0 |
|
|t Životné prostredie
|g Roč. 31, č. 3 (1997), s. 161
|x 0044-4863
|
| 850 |
|
|
|a Slovenská národná knižnica
|
| 852 |
|
|
|a Slovenská národná knižnica
|
| 954 |
|
|
|a odborná, vedecká literatúra pôvodná (slovenská)
|2 lita
|
| 958 |
|
|
|a article15
|
| 958 |
|
|
|a RK
|
| 958 |
|
|
|a OND
|
| 958 |
|
|
|a EUIPO
|
| 992 |
|
|
|a RBX
|
| 999 |
|
|
|c 3290690
|d 3292620
|